Agricultura, comercio y desarrollo : (Record no. 190332)

MARC details
000 -CABECERA
campo de control de longitud fija 00939nam a2200265 u 4500
005 - FECHA Y HORA DE LA ÚLTIMA TRANSACCIÓN
campo de control 20240925064757.0
008 - ELEMENTOS DE LONGITUD FIJA--INFORMACIÓN GENERAL
campo de control de longitud fija 170529s2005 cl r 000 0 spa d
020 ## - NÚMERO INTERNACIONAL NORMALIZADO PARA LIBROS
Número Internacional Estándar del Libro 9586825469
035 ## - NÚMERO DE CONTROL DEL SISTEMA
Número de control de sistema UPN01000218232
049 ## - COLECCIÓN
Colección CG
050 #4 - SIGNATURA TOPOGRÁFICA DE LA BIBLIOTECA DEL CONGRESO
Número de clasificación HD1417
Número de documento/Ítem N3.2
100 1# - ASIENTO PRINCIPAL--NOMBRE PERSONAL
Nombre de persona Nash, John D.
9 (RLIN) 40687
245 10 - MENCIÓN DE TÍTULO
Título Agricultura, comercio y desarrollo :
Resto del título multilateralismo vs. proteccionismo /
Mención de responsabilidad, etc. John D. Nash ; colab. Kim E. Murrel ; tr. Teresa Niño Torres.
260 ## - PUBLICACIÓN, DISTRIBUCIÓN, ETC.
Lugar de publicación, distribución, etc. Bogotá :
Nombre del editor, distribuidor, etc. Banco Mundial,
Fecha de publicación, distribución, etc. 2005.
300 ## - DESCRIPCIÓN FÍSICA
Extensión 64 p. :
Otras características físicas il.
440 #0 - MENCIÓN DE SERIE/ASIENTO SECUNDARIO--TÍTULO
Título Desarrollo para todos ;
Designación de volumen o secuencia 2
534 ## - NOTA SOBRE LA VERSIÓN ORIGINAL
Frase introductoria Título original:
Mención de título del original Agriculture, trade, and development
650 #4 - ASIENTO SECUNDARIO DE MATERIA - TERMINO TEMATICO
Término de materia o nombre geográfico como elemento de entrada AGRICULTURA -
Subdivisión general ASPECTOS ECONOMICOS
9 (RLIN) 1846
650 #4 - ASIENTO SECUNDARIO DE MATERIA - TERMINO TEMATICO
Término de materia o nombre geográfico como elemento de entrada Política comercial
9 (RLIN) 12557
650 #4 - ASIENTO SECUNDARIO DE MATERIA - TERMINO TEMATICO
Término de materia o nombre geográfico como elemento de entrada PROTECCIONISMO Y LIBRE CAMBIO
9 (RLIN) 2285
651 #4 - ASIENTO SECUNDARIO DE MATERIA - NOMBRE GEOGRAFICO
Nombre geográfico PAISES EN DESARROLLO -
Subdivisión general CONDICIONES ECONOMICAS
9 (RLIN) 8383
700 1# - ASIENTO SECUNDARIO--NOMBRE DE PERSONAL
Nombre de persona Murrel, Kim E.,
Término indicativo de función/relación colab.
905 ## - TIPO DE MATERIAL
Tipo de material Libro
Holdings
Estado de retiro Estado de pérdida Fuente del sistema de clasificación o colocación Estado dañado No para préstamo Código de colección Localización permanente Ubicación/localización actual Ubicación en estantería Total de préstamos Clasificación Código de barras Fecha visto por última vez Número de copia Tipo de ítem Koha
    Library of Congress Classification     Colección General Bib. Gregorio Torres Quintero Bib. Gregorio Torres Quintero Planta baja   HD1417 N3.2 318013 31/12/2020 1 Libro